Anatomy, descriptive and surgical / (Record no. 4690)

000 -LEADER
fixed length control field 01005nam a2200289 a 4500
003 - CONTROL NUMBER IDENTIFIER
control field UkOxU
005 - DATE AND TIME OF LATEST TRANSACTION
control field 20220325141029.0
008 - FIXED-LENGTH DATA ELEMENTS--GENERAL INFORMATION
fixed length control field 970422s1977 nyua 001 0 eng d
020 ## - INTERNATIONAL STANDARD BOOK NUMBER
International Standard Book Number 0517223651
040 ## - CATALOGING SOURCE
Transcribing agency NRM
050 ## - LIBRARY OF CONGRESS CALL NUMBER
Classification number QM23
Item number .G73 1977
100 1# - MAIN ENTRY--PERSONAL NAME
Personal name Gray, Henry,
Dates associated with a name 1825-1861.
242 10 - TRANSLATION OF TITLE BY CATALOGING AGENCY
Title Gray's anatomy, the classic collector's edition
245 10 - TITLE STATEMENT
Title Anatomy, descriptive and surgical /
Statement of responsibility, etc. by Henry Gray. Edited by T. Pickering Pick and Robert Howden.
250 ## - EDITION STATEMENT
Edition statement Rev. American, from the 15th English, ed.
260 ## - PUBLICATION, DISTRIBUTION, ETC.
Place of publication, distribution, etc. New York :
Name of publisher, distributor, etc. Bounty Books,
Date of publication, distribution, etc. c1977.
300 ## - PHYSICAL DESCRIPTION
Extent 1257 p :
Other physical details ill. ;
Dimensions 24 cm.
500 ## - GENERAL NOTE
General note Spine title: Gray's anatomy, the classic collector's edition.
504 ## - BIBLIOGRAPHY, ETC. NOTE
Bibliography, etc. note Includes index.
650 #0 - SUBJECT ADDED ENTRY--TOPICAL TERM
Topical term or geographic name entry element Human anatomy.
650 #0 - SUBJECT ADDED ENTRY--TOPICAL TERM
Topical term or geographic name entry element Anatomy.
700 1# - ADDED ENTRY--PERSONAL NAME
Personal name Pick, T. Pickering,
Fuller form of name (Thomas Pickering),
Dates associated with a name 1841-1919.
700 1# - ADDED ENTRY--PERSONAL NAME
Personal name Howden, Robert,
Dates associated with a name 1856-1941.
942 ## - ADDED ENTRY ELEMENTS (KOHA)
Source of classification or shelving scheme
Koha item type Book
Suppress in OPAC MM

No items available.

Powered by Koha